loves perfumes a novel (Record no. 154994)
[ view plain ]
| 000 -LEADER | |
|---|---|
| fixed length control field | 00504nam a22001817a 4500 |
| 005 - DATE AND TIME OF LATEST TRANSACTION | |
| control field | 20190305132912.0 |
| 010 ## - LCCN (DPL NO) | |
| LC control number | B-214531, B-214536 |
| 016 ## - NATIONAL BIBLIOGRAPHIC AGENCY CONTROL NUMBER | |
| Record control number | B-214531 |
| 020 ## - INTERNATIONAL STANDARD BOOK NUMBER | |
| International Standard Book Number | 9780143029564 |
| Terms of availability | 200.00 |
| 035 ## - SYSTEM CONTROL NUMBER | |
| System control number | B-214531,B-214536, B-214533 |
| 082 ## - DEWEY DECIMAL CLASSIFICATION NUMBER | |
| Classification number | N |
| 100 ## - MAIN ENTRY--PERSONAL NAME | |
| Personal name | Rahman rita |
| 245 ## - TITLE STATEMENT | |
| Title | loves perfumes a novel |
| Statement of responsibility, etc | by Rita rahman |
| 260 ## - PUBLICATION, DISTRIBUTION, ETC. (IMPRINT) | |
| Place of publication, distribution, etc | New Delhi |
| Name of publisher, distributor, etc | Penguin books |
| Date of publication, distribution, etc | 2003 |
| 300 ## - PHYSICAL DESCRIPTION | |
| Extent | 134p. |
| Dimensions | 24 cm. (Hb) |
| 942 ## - ADDED ENTRY ELEMENTS (KOHA) | |
| Institution code [OBSOLETE] | dpl |
| Item type | English Books |
| Call number prefix | R / RIT |
| Source of classification or shelving scheme | Dewey Decimal Classification |
| Classification part | N |
| Call number suffix | RIT |
| Withdrawn status | Lost status | Not for loan | Collection code | Home library | Current library | Date acquired | Source of acquisition | Cost, normal purchase price | Full call number | Barcode | Cost, replacement price | Koha item type | Copy number |
|---|---|---|---|---|---|---|---|---|---|---|---|---|---|
| Fiction | R.C.Libraries (zls) | R.C.Libraries (zls) | 09/11/2018 | 200.00 | N RIT | B-214536 | 200.00 | English Books | 1 | ||||
| Fiction | Shahdara Branch | Shahdara Branch | 27/07/2018 | BPPD/PUB | 200.00 | N RIT | B-214531 | 200.00 | English Books | ||||
| Fiction | Vigyan Vihar | Vigyan Vihar | 05/03/2019 | BPPD/PUB | 200.00 | N RIT | B-214533 | 200.00 | English Books |
